Score 0/12 Timer 05:00
0 Plays Today
Race Character % Correct
HobbitFrodo
98.1%
WizardGandalf
97.8%
DwarfGimli
96.5%
ManAragorn
95%
ElfLegolas
94.7%
ManBoromir
93.4%
Hobbit*Bilbo
92.3%
Elf*Elrond
88.6%
Dwarf*Gloin
73%
Elf*Glorfindel
35.3%
Elf*Erestor
13.1%
Elf*Galdor
10.8%
Remove Ads.
Support Sporcle.
Get the best of Sporcle when you Go Orange. This ad-free experience offers more features, more stats, and more fun while also helping to support Sporcle. Thank you for becoming a member.

You're not logged in!

Compare scores with friends on all Sporcle quizzes.
OR
Log In

Show Comments

Extras

Top Quizzes Today


Score Distribution

Your Account Isn't Verified!

In order to create a playlist on Sporcle, you need to verify the email address you used during registration. Go to your Sporcle Settings to finish the process.

Report this User

Report this user for behavior that violates our Community Guidelines.

Details: